000 00601nam a22002297a 4500
003 UA-OsUOA
001 44822
007 ta
008 20070314b un ||||| |||| 00| 0 ukr d
090 _a811. 11
942 _cBK
040 _aUA-OsUOA
_brus
_cUA-OsUOA
_dUA-OsUOA
245 _aBusiness English = Деловой английский язык
_bУчебное пособие
_cСост. Е. В. Пинская
300 _a182 с.
955 _a2
041 _arus
080 _a811. 11
020 _a966-346-105-5
260 _aК.
_bЗнання
_c2006
650 7 _2UDC
999 _c330928
_d330928